MUZYKA - Uzupełnij wyrazy w tytułach piosenek cz. I - Statystyki

Ogólne statystyki
  • Ten quiz został rozwiązany 434 razy
  • Średni wynik to 14 z 40
Statystyki odpowiedzi
Hint Odpowiedź % Poprawnych
Czesław Niemen - ___ jest ten świat Dziwny
90%
Kombi - Słodkiego miłego ___ życia
89%
Maryla Rodowicz - Ale to ___ ___ już było
81%
Cleo - Za ___ krok krokiem
80%
Perfect - Kołysanka dla ___ nieznajomej
74%
Maanam - ___ spleen Krakowski
65%
Czerwone Gitary - Ciągle ___ pada
64%
Męskie Granie Orkiestra - Sobie i ___ Wam
64%
Marek Grechuta - Będziesz moją ___ panią
55%
Lady Pank - Fabryka ___ małp
51%
The Beatles - Here comes the ___ sun
50%
Madonna - ___ girl Material
43%
Seweryn Krajewski - Uciekaj, moje ___ serce
40%
Grupa Pod Budą - Nie przenoście nam stolicy ___ ___ do Krakowa
38%
Ludmiła Jakubczak - Gdy mi Ciebie ___ zabraknie
38%
Irena Jarocka - Odpływają ___ kawiarenki
37%
Virgin - 2 ___ bajki
36%
Katarzyna Sobczyk - Mały ___ Książę
36%
Ewa Farna - Bez ___ łez
36%
Mieczysław Fogg - Tango ___ Milonga
36%
VOX - ___ song Bananowy
33%
Dawid Podsiadło - To co ___ ___ masz Ty
29%
Skaldowie - Medytacje wiejskiego ___ listonosza
27%
Ace of Base - All that ___ ___ she wants
25%
Dire Straits - Sultans of ___ swing
24%
Niebiesko-Czarni - ___ będzie dla nas Niedziela
23%
Anna Jantar - Żeby ___ być szczęśliwym
22%
Celine Dion - That's the ___ it is way
20%
Chór Radiana - Czy tutaj mieszka ___ ___ panna Agnieszka
19%
Oddział Zamknięty - Ten ___ świat Wasz
18%
Sylwia Grzeszczak - O ___, o Tobie nich
16%
Robert Janson & Kuba Badach - Małe ___ szczęścia
15%
Sylwia Grzeszczak - Dobre ___ myśli
11%
Blondie - The tide is ___ high
8%
Halina Frąckowiak - ___ proszę Napisz
7%
Ania Wyszkoni - Nie chcę Cię ___ obchodzić
7%
Formacja Nieżywych Schabuff - Mów mi ___ Elvis
5%
Alibabki - ___ tango Kapitańskie
5%
Smokie - ___ girl Mexican
2%
Electric Light Orchestra - ___ line Telephone
2%
Nie znaleziono quizów pasujących do podanych kryteriów
Rozkład punktacji
Procent ludzi z każdym wynikiem
Percentyl według liczby udzielonych odpowiedzi
Twoja historia wyników
Nie rozwiązałeś tego quizu